Estudios

Bibliographic Details
Corporate Author: Real Academia de Jurisprudencia y Legislacin̤ (Madrid)
Format: Book
Language:Spanish
Published: Madrid : Real Academia de Jurisprudencia y Legislacin̤ / Dykinson, DL. 2011
Subjects:
Online Access:Acceso restringido

MARC

LEADER 00000nam a2200000 a 4500
005 2012022207387.0
007 cr|||| ||||
008 110325s2011 sp |||||||||||0|| 0 spa|c
017 |a DL. M. 6205-2011 
020 |a 9788499820415 
035 |a 5857 
040 |d vLex 
090 |c 3021  |d 3021 
110 1 |a Real Academia de Jurisprudencia y Legislacin̤ (Madrid) 
245 1 0 |a Estudios   |h [Recurso electrn̤ico] /  |c Real Academia de Jurisprudencia y Legislacin̤ 
256 |a Servicio en ln̕ea 
260 |a Madrid :  |b Real Academia de Jurisprudencia y Legislacin̤ / Dykinson,  |c DL. 2011 
300 |a 1 recurso electrn̤ico 
500 |a Contiene: comunicaciones, conferencias y necrolg̤icas 
504 |a Referencias bibliogrf̀icas e n̕dices 
506 1 |a Contenido solo disponible en los productos indicados  |d vLex Global   |d vLex Global (Academic Edition, excluding Law Schools)   |d vLex Global (U.S. Academic Edition, Law Schools)   |d vLex Global (U.S. Academic Edition, excluding Law Schools)   |d vLex Global (Academic Edition, Law Schools)  
650 0 4 |a Derecho  |x Ensayo, conferencias, etc. 
650 0 4 |a Derecho y sociedad  |x Ensayo, conferencias, etc. 
740 0 |a vLex Libros (Servicio en ln̕ea) 
856 4 0 |u http://vlex.com/source/estudios-2010-5857  |z Acceso restringido 
942 |c BOOK 
999 0 |a Sociological jurisprudence 
999 0 |a Law